Statistics for Historical Events In Art

Click here to take the quiz!

General Stats

  • This quiz has been taken 72 times
  • The average score is 11 of 16

Answer Stats

Answer% Correct
Boston {Tea} Party
99%
Supernatural events known as The Salem {Witch} Trials
97%
The Black {Death}
90%
The {Titanic} hits an ice berg
85%
Signing of the U.S. {Constitution}
82%
{Hannibal} crossing the Alps
81%
Johannes Gutenberg Invents the {Printing} {Press}
81%
U.S. {Civil} {War}
79%
{WWI} occurred between 1914 – 1918
76%
The {Vietnam} {War} from 1955-1975
74%
Mughal Emperor Shah Jahan Builds the {Taj} {Mahal}
69%
The birth of {Christ}
65%
The Trans Atlantic {Slave} {Trade}
60%
Washington crossing the {Delaware}
40%
Darwin writes {On} {The} {Origin} {of} {Species}
35%
The {Scramble} For Africa
35%

Score Distribution

Percentile by Number Answered

Percent of People with Each Score

Your Score History

You have not taken this quiz